Statistics for Genetik bildern

Click here to take the quiz!

General Stats

  • This quiz has been taken 6 times
  • The average score is 11 of 24

Answer Stats

Answer% Correct
Chromosom
100%
Start-Codon
100%
Crossing Over
67%
Ribosom
67%
RNA-Polymerase
67%
Trisomie
67%
tRNA
67%
Centromer
33%
Chromatid
33%
Chromosom-Mutation
33%
Deleition
33%
Deletion
33%
Duplikation
33%
Genmutation
33%
Insertion
33%
Insertion
33%
Missense-Mutation
33%
Monosomie
33%
Nonsense-Mutation
33%
Nukleotid
33%
Replikation
33%
Stumme-Mutation
33%
Translokation
33%
Inversion
0%

Score Distribution

Percentile by Number Answered

Percent of People with Each Score

Your Score History

You have not taken this quiz